| 000 | 00537cam a2200229ua 4500 | ||
|---|---|---|---|
| 001 | 7547 | ||
| 005 | 20260515114228.0 | ||
| 008 | 141212n ii |||gr||||Z||||||eng | ||
| 020 | _a9789384303051 | ||
| 040 | _cMAIN | ||
| 041 | _aeng | ||
| 082 | _a338.7 | ||
| 100 |
_aDas, R. B., _eAuthor. |
||
| 245 |
_aBusiness Environment _cBy R. B. Das |
||
| 250 | _a2nd. | ||
| 260 |
_aDibrugarh: _bMahaveer, _c2014. |
||
| 300 | _a192p. | ||
| 653 | _aProduction | ||
| 653 | _aBusiness environment | ||
| 700 |
_aJain, A., _eAuthor. |
||
| 942 | _cBK | ||
| 999 |
_c6665 _d6665 |
||